Les Pokémon des champions d'arène et du Conseil 4 de Hoenn - Statistiques

Statistiques générales
  • Ce quiz a été pris 219 fois
    209 depuis la dernière actualisation
  • Le résultat moyen est 34 sur 43
Statistiques - réponses
Hint Réponse % Correct
Roxanne Racaillou
98%
Tarinor
96%
Norman Monaflémit (X2)
94%
Solaroc
93%
Metalosse
92%
Lévy & Tatia Séléroc
92%
Vigoroth
92%
Drattak
91%
Altaria
90%
Altaria
90%
Magneton
90%
Makuhita
90%
Chartor
89%
Bastien Machoc
88%
Airmure
86%
Pierre Rochard Airmure
86%
Branette (X2)
85%
Kaimorse
85%
Voltère Magneti
85%
Spectra Téraclope (X2)
85%
Milobellus
84%
Alizée Hélédelle
83%
Armaldo
81%
Glacia Oniglali (X2)
81%
Vacilys
81%
Libégon (X2)
80%
Voltorbe
79%
Adriane Limagma (X2)
78%
Phogleur
78%
Phogleur (X2)
78%
Aragon Drackhaus
77%
Ténéfix
76%
Galeking
75%
Damien Grahyèna
72%
Tengalice
72%
Békipan
71%
Cacturne
68%
Absol
67%
Kaorine
63%
Marc Lovdisc
60%
Sharpedo
57%
Barbicha
53%
Poissoroy
38%
Aucun quiz correspondant
Distribution des résultats
% des personnes avec chaque résultat
Percentile par nombre de réponses
Votre historique - résultats
Vous n’avez pas pris ce quiz depuis la dernière actualisation